| 000 | 00489nam a2200169 i 4500 | ||
|---|---|---|---|
| 001 | 87000 | ||
| 003 | ES-MaACL | ||
| 005 | 20230906175553.0 | ||
| 007 | t| | ||
| 008 | 041217s1966 sp ||||1| spa d | ||
| 100 | 1 |
_aKopf, Alfred W. _968578 |
|
| 245 | 1 | 0 |
_aDermatología _b: progresos, 1966 / _cAlfred W. Kopf, Rafael Andrade. |
| 260 |
_aBarcelona : _bSalvat, _c[1966] |
||
| 300 |
_a503 p. : _bil. ; _c23 cm. |
||
| 700 | 1 |
_aAndrade, Rafael. _921520 |
|
| 852 |
_aES-MaACL _jC-32039 _bR.62088 |
||
| 999 |
_c87000 _d87000 |
||